000 01040pam a2200301 a 4500
999 _c3277
_d3277
001 3505993
003 GZU
005 20201124122551.0
008 950530s1996 maua b 001 0 eng
010 _a 95024026
020 _a0205184448
040 _aDLC
_cDLC
_dDLC
043 _an-us---
050 0 0 _aHQ796
_b.R543 1996
082 0 0 _a305.23/5
_220
100 1 _aRice, F. Philip.
245 1 4 _aThe adolescent :
_bdevelopment, relationships, and culture /
_cF. Philip Rice.
250 _a8th ed.
260 _aBoston :
_bAllyn and Bacon,
_cc1996.
300 _axxiii, 546 p. :
_bcol. ill. ;
_c27 cm.
504 _aIncludes bibliographical references (p. 479-526) and index.
650 0 _aYouth
_zUnited States
_xSocial conditions.
650 0 _aAdolescent psychology
_zUnited States.
650 0 _aAdolescence.
906 _a7
_bcbc
_corignew
_d1
_eocip
_f19
_gy-gencatlg
942 _2lcc
_cBK
_e8th
_h796.R543
_iRIC
_kHQ